Edimbourg - Culture générale - Statistiques

Statistiques générales
  • Ce quiz a été pris 676 fois
  • Le résultat moyen est 9 sur 15
Statistiques - réponses
Information Réponse % Correct
Pays dont Édimbourg est la capitale Écosse
100%
Personnage de fiction créé par J.K. Rowling Harry Potter
97%
Alcool appelé "scotch" ici Whisky
95%
Ville la plus peuplée de la réponse précédente Glasgow
89%
Reine récente qui y avait ses quartiers Elizabeth II
86%
Mer qui fait face Édimbourg Mer du Nord
86%
Bâtiment le plus visité de la ville, perché sur Castle Rock Château d'Édimbourg
71%
Inventeur du téléphone en 1876 Alexander Graham Bell
70%
Volcan éteint nommé d'après un roi légendaire {Arthur}'s seat
49%
Premier ministre britannique travailliste (1997-2007) né ici Tony Blair
45%
Artère principale de la ville Royal {Mile}
21%
Palais et résidence royale, et quartier où se trouve le parlement Palais de {Holyrood}
16%
Nom donné au petite ruelles étroites "fermées" présumées hantées Close
15%
Chien célèbre très attaché à son maître qui connaît une adaptation Disney Greyfriars {Bobby}
14%
Saint patron de la ville Saint-{Gilles}
5%
Aucun quiz correspondant
Distribution des résultats
% des personnes avec chaque résultat
Percentile par nombre de réponses
Votre historique - résultats
Vous n’avez pas pris ce quiz